Obálka Náhled e-knihy:
PDF Epub
Pro půjčování e-knih musíte být přihlášeni.
Jak si půjčit online?

Ve vlaku /

Satirický román o náhodném setkání dvou cestujících, kteří jsou spolu nuceni strávit několik hodin ve vlaku jedoucím z Vídně do Mnichova.

Uloženo v:
Hlavní autor: Glattauer, Daniel, 1960- (Autor)
Další autoři: Hanišová, Viktorie, 1980- (Autor)
Médium: E-kniha
Jazyk:Czech
Vydáno: Brno : Host, 2025
Vydání:První vydání
Témata:
Tagy:
Žádné tagy
LEADER 02371nam a2200409 i 4500
001 301500
003 CZ PrSKC
005 20260430063208.0
007 ta
008 251205s2025 xr g 000 f cze
015 |a cnb003717079 
020 |a 9788027526703  |q (vázáno) 
040 |a ABG001  |b cze  |d ABA001  |e rda 
041 1 |a cze  |h ger 
072 7 |a 821.112.2-3  |x Německá próza, německy psaná  |2 Konspekt 
080 |a 821.112.2(436)-31  |2 MRF 
080 |a (0:82-31)  |2 MRF 
100 1 |a Glattauer, Daniel,  |d 1960-  |7 xx0124781  |4 aut 
240 1 0 |a In einem Zug.  |l Česky 
245 1 0 |a Ve vlaku /  |c Daniel Glattauer ; přeložila Viktorie Hanišová 
250 |a První vydání 
264 1 |a Brno :  |b Host,  |c 2025 
300 |a 205 stran ;  |c 21 cm 
336 |a text  |b txt  |2 rdacontent 
337 |a bez média  |b n  |2 rdamedia 
338 |a svazek  |b nc  |2 rdacarrier 
500 |a Přeloženo z němčiny 
520 2 |a Satirický román o náhodném setkání dvou cestujících, kteří jsou spolu nuceni strávit několik hodin ve vlaku jedoucím z Vídně do Mnichova.  |b Ve vlaku z Vídně do Mnichova se náhodou potkají dva lidé, kteří žijí v naprosto odlišných vztahových modelech: kdysi úspěšný autor milostných románů Eduard Brünhofer a terapeutka středního věku Catrin Meyrová. Eduard se s ní nehodlá bavit, a už vůbec ne o svých knihách a milostném životě. Catrin je však neúprosná a s terapeutickou urputností mu klade otázky, o kterých Eduard sice píše, ale sám před nimi zavírá oči: Jak spolu zůstat nejen dlouho, ale také šťastní? Co dělat, aby člověk ve vztahu neztratil sám sebe? Nakladatelská anotace. Kráceno. 
655 7 |a rakouské romány  |7 fd133222  |2 czenas 
655 9 |a Austrian fiction  |2 eczenas 
700 1 |a Hanišová, Viktorie,  |d 1980-  |7 xx0068787  |4 trl 
710 2 |a Host (vydavatelství)  |7 ko2003163544  |4 pbl 
900 |a ABA001  |b 20 
044 |a xr 
910 |a RBIT002 
998 |d 424209  |a https://core.palmknihy.cz/api/books/424209/cover?t6na5n  |b https://core.palmknihy.cz/api/books/424209/cover/400?t6na5n  |c https://core.palmknihy.cz/api/books/424209/cover/50?t6na5n  |e 2031-01-31  |g 208  |i 9788027526703  |j https://core.palmknihy.cz/api/books/424209/preview.epub  |k https://core.palmknihy.cz/api/books/424209/preview.pdf  |l   |q 49  |r 1  |s https://www.palmknihy.cz/kniha/424209  |t ebook  |y 2025  |z 0 
999 |d 301498